[Event "Oberliga Bayern 1314"]
[Site "Bayern"]
[Date "2014.03.16"]
[Round "8.2"]
[White "Koch, Moritz"]
[Black "Drexel, Michael"]
[Result "1-0"]
[WhiteElo "2244"]
[BlackElo "2300"]
[PlyCount "69"]
[EventDate "2013.10.13"]
[EventType "team-tourn"]
[EventRounds "9"]
[EventCountry "GER"]
[SourceTitle "EXT 2015"]
[Source "ChessBase"]
[SourceDate "2014.11.20"]
[SourceVersion "1"]
[SourceVersionDate "2014.11.20"]
[SourceQuality "1"]
[WhiteTeam "Puschendorf"]
[BlackTeam "Bayern Muenchen II"]
[WhiteTeamCountry "GER"]
[BlackTeamCountry "GER"]

1. e4 c6 2. d4 d5 3. e5 Bf5 4. Nf3 e6 5. Be2 Nd7 6. 0-0 a6 7. Be3 Qb6 8. b3 h6 9. c4 Ne7 10. Nc3 Bh7 11. Bd3 Bxd3 12. Qxd3 g6 13. h4 h5 14. Bg5 Nf5 15. g3 Be7 16. c5 Qd8 17. b4 Bxg5 18. Nxg5 b6 19. Rfc1 0-0 20. Nd1 a5 21. a3 axb4 22. axb4 Qe7 23. Ne3 f6 24. exf6 Qxf6 25. Rxa8 Rxa8 26. Nxf5 exf5 27. Re1 bxc5 28. Re6 Qg7 29. bxc5 Nf8 30. Rxc6 f4 31. gxf4 Qd7 32. Rxg6+ Nxg6 33. Qxg6+ Kf8 34. Nh7+ Ke7 35. Qf6+ 1-0

[Event "Oberliga Bayern 1314"]
[Site "Bayern"]
[Date "2014.02.09"]
[Round "6.3"]
[White "Drexel, Michael"]
[Black "Billing, Christian"]
[Result "1-0"]
[WhiteElo "2300"]
[BlackElo "2234"]
[PlyCount "51"]
[EventDate "2013.10.13"]
[EventType "team-tourn"]
[EventRounds "9"]
[EventCountry "GER"]
[SourceTitle "EXT 2015"]
[Source "ChessBase"]
[SourceDate "2014.11.20"]
[SourceVersion "1"]
[SourceVersionDate "2014.11.20"]
[SourceQuality "1"]
[WhiteTeam "Bayern Muenchen II"]
[BlackTeam "Dillingen"]
[WhiteTeamCountry "GER"]
[BlackTeamCountry "GER"]

1. c4 Nf6 2. Nc3 e5 3. e3 Nc6 4. a3 g6 5. Nf3 d6 6. Be2 Bg7 7. d3 0-0 8. 0-0 h6 9. Rb1 Nh7 10. b4 Ne7 11. d4 exd4 12. Nxd4 Nf5 13. Bb2 Nxd4 14. exd4 Nf6 15. Bf3 Bf5 16. Rc1 Qc8 17. Re1 Re8 18. Rxe8+ Nxe8 19. Nd5 Bf8 20. Qe2 Qe6 21. Qf1 Bg4 22. Re1 Bxf3 23. Rxe6 fxe6 24. Nf4 Be4 25. Qe2 Bf5 26. g4 1-0

[Event "Oberliga Bayern 1213"]
[Site "Bayern"]
[Date "2013.03.17"]
[Round "8.4"]
[White "Drexel, Michael"]
[Black "Haba, Zdenek"]
[Result "1/2-1/2"]
[WhiteElo "2243"]
[BlackElo "2230"]
[PlyCount "115"]
[EventDate "2012.10.14"]
[EventType "team-tourn"]
[EventRounds "9"]
[EventCountry "GER"]
[SourceTitle "EXT 2015"]
[Source "ChessBase"]
[SourceDate "2014.11.20"]
[SourceVersion "1"]
[SourceVersionDate "2014.11.20"]
[SourceQuality "1"]
[WhiteTeam "Bayern Muenchen II"]
[BlackTeam "Obernau"]
[WhiteTeamCountry "GER"]
[BlackTeamCountry "GER"]

1. d4 g6 2. c4 c5 3. d5 b5 4. cxb5 a6 5. e4 Bg7 6. Nc3 d6 7. a4 Nf6 8. Nf3 0-0 9. Bd2 e6 10. dxe6 Bxe6 11. Be2 axb5 12. axb5 Rxa1 13. Qxa1 d5 14. exd5 Nxd5 15. 0-0 Nb4 16. Qa7 Nd7 17. Ne4 Nd5 18. Nxc5 Nxc5 19. Qxc5 Bxb2 20. Nd4 Qh4 21. Nxe6 fxe6 22. g3 Qd4 23. Qc2 Bc3 24. Bxc3 Nxc3 25. Bd3 Rd8 26. Be2 Rf8 27. Bd3 Rd8 28. Rc1 Qxd3 29. Qxc3 Qxb5 30. Qf6 Qd7 31. Re1 Re8 32. Qe5 Qg7 33. Qd6 Qe7 34. Qe5 Qg7 35. Qf4 Qf7 36. Qd4 Qg7 37. Qa4 Qf7 38. h4 Re7 39. Re4 e5 40. Re3 Qd5 41. Qb4 Kf7 42. Qb8 Kg7 43. Qb2 Kf7 44. Qe2 Rb7 45. Qe1 Kf6 46. Qa1 Rd7 47. Kh2 h5 48. Qa6+ Kg7 49. Qb6 Rf7 50. Qb2 Qd4 51. Qe2 Re7 52. Re4 Qc3 53. Rc4 Qa5 54. Qe4 Qd2 55. Kg2 Qd7 56. Rc6 Qf5 57. Qe3 e4 58. Qc3+ 1/2-1/2

[Event "Oberliga Bayern 1213"]
[Site "Bayern"]
[Date "2013.02.24"]
[Round "7.6"]
[White "Weichert, Helmut"]
[Black "Drexel, Michael"]
[Result "1/2-1/2"]
[WhiteElo "2144"]
[BlackElo "2243"]
[PlyCount "98"]
[EventDate "2012.10.14"]
[EventType "team-tourn"]
[EventRounds "9"]
[EventCountry "GER"]
[SourceTitle "EXT 2015"]
[Source "ChessBase"]
[SourceDate "2014.11.20"]
[SourceVersion "1"]
[SourceVersionDate "2014.11.20"]
[SourceQuality "1"]
[WhiteTeam "Muenchen Tarrasch"]
[BlackTeam "Bayern Muenchen II"]
[WhiteTeamCountry "GER"]
[BlackTeamCountry "GER"]

1. e4 g6 2. d4 Bg7 3. Nc3 c6 4. Bc4 d6 5. Qf3 e6 6. Nge2 Nd7 7. Bf4 Qe7 8. Qg3 e5 9. Bg5 Ngf6 10. f3 0-0 11. dxe5 dxe5 12. Bb3 Qc5 13. Qh4 b5 14. Nd1 a5 15. Be3 Qe7 16. a4 Nc5 17. Bxc5 Qxc5 18. Qf2 Qd6 19. Qe3 Rd8 20. Nf2 Be6 21. Bxe6 Qxe6 22. b3 Bf8 23. Nd3 Nd7 24. axb5 cxb5 25. Nc3 Qc6 26. Nd5 Qxc2 27. 0-0 Bc5 28. Nxc5 Qxc5 29. Kf2 a4 30. bxa4 Rxa4 31. Qxc5 Nxc5 32. Rab1 Rb8 33. Kg3 Ra3 34. Kg4 Kg7 35. Rfc1 Ne6 36. h4 h5+ 37. Kg3 Rb7 38. Rb2 Nd4 39. Kf2 Rba7 40. Rc8 Ra2 41. Rxa2 Rxa2+ 42. Kf1 Rb2 43. Rb8 Nc2 44. g4 Rb3 45. Kf2 hxg4 46. fxg4 Rh3 47. g5 Rxh4 48. Nf6 Rf4+ 49. Kg3 Rxf6 1/2-1/2

[Event "Oberliga Bayern 1213"]
[Site "Bayern"]
[Date "2013.01.13"]
[Round "5.6"]
[White "Drexel, Michael"]
[Black "Stelter, Felix"]
[Result "1-0"]
[WhiteElo "2243"]
[BlackElo "2131"]
[PlyCount "43"]
[EventDate "2012.10.14"]
[EventType "team-tourn"]
[EventRounds "9"]
[EventCountry "GER"]
[SourceTitle "EXT 2015"]
[Source "ChessBase"]
[SourceDate "2014.11.20"]
[SourceVersion "1"]
[SourceVersionDate "2014.11.20"]
[SourceQuality "1"]
[WhiteTeam "Bayern Muenchen II"]
[BlackTeam "Kriegshaber"]
[WhiteTeamCountry "GER"]
[BlackTeamCountry "GER"]

1. Nf3 Nf6 2. g3 d5 3. Bg2 c5 4. 0-0 Nc6 5. d4 e6 6. c4 dxc4 7. dxc5 Qxd1 8. Rxd1 Bxc5 9. Nbd2 Ng4 10. Ne4 Be7 11. h3 Nf6 12. Nxf6+ Bxf6 13. Nd2 Nd4 14. Kf1 0-0 15. Nxc4 e5 16. b3 Rb8 17. Bb2 Re8 18. Rac1 Bf5 19. Nd6 Bd7 20. Nxe8 Bxe8 21. Bxd4 exd4 22. Rc7 1-0

[Event "Oberliga Bayern 1213"]
[Site "Bayern"]
[Date "2012.11.25"]
[Round "3.6"]
[White "Drexel, Michael"]
[Black "Epding, Olaf"]
[Result "0-1"]
[WhiteElo "2243"]
[BlackElo "2254"]
[PlyCount "94"]
[EventDate "2012.10.14"]
[EventType "team-tourn"]
[EventRounds "9"]
[EventCountry "GER"]
[SourceTitle "EXT 2015"]
[Source "ChessBase"]
[SourceDate "2014.11.20"]
[SourceVersion "1"]
[SourceVersionDate "2014.11.20"]
[SourceQuality "1"]
[WhiteTeam "Bayern Muenchen II"]
[BlackTeam "Nuernberg NT"]
[WhiteTeamCountry "GER"]
[BlackTeamCountry "GER"]

1. d4 d5 2. c4 e6 3. Nc3 Nf6 4. Bg5 Be7 5. e3 h6 6. Bh4 0-0 7. Rc1 b6 8. cxd5 Nxd5 9. Nxd5 exd5 10. Bxe7 Qxe7 11. Be2 Bb7 12. Bf3 c6 13. Ne2 Na6 14. 0-0 Nc7 15. Nf4 Ne6 16. Nxe6 fxe6 17. e4 Qg5 18. Rc3 Rf4 19. exd5 exd5 20. g3 Rf7 21. Re3 Raf8 22. Re5 Rf5 23. Bg2 Qf6 24. f4 Qd6 25. Bh3 R5f6 26. Rfe1 Bc8 27. Bxc8 Rxc8 28. Re7 Rc7 29. Re8+ Rf8 30. Rxf8+ Kxf8 31. Qg4 Qf6 32. Re5 Kg8 33. f5 Re7 34. Qe2 Kf8 35. g4 c5 36. Kf2 cxd4 37. Rxe7 Qxe7 38. Kf3 Kf7 39. Qxe7+ Kxe7 40. h4 Kd6 41. g5 hxg5 42. hxg5 Ke5 43. f6 gxf6 44. g6 Ke6 45. Kf4 Ke7 46. a4 Kf8 47. b4 Kg7 0-1

[Event "Oberliga Bayern 1112"]
[Site "Bayern"]
[Date "2012.04.15"]
[Round "9.4"]
[White "Drexel, Michael"]
[Black "Krklec, Daniel"]
[Result "1/2-1/2"]
[WhiteElo "2224"]
[BlackElo "2248"]
[PlyCount "25"]
[EventDate "2011.10.02"]
[EventType "team-tourn"]
[EventRounds "9"]
[EventCountry "GER"]
[SourceTitle "EXT 2015"]
[Source "ChessBase"]
[SourceDate "2014.11.20"]
[SourceVersion "1"]
[SourceVersionDate "2014.11.20"]
[SourceQuality "1"]
[WhiteTeam "Bayern Muenchen II"]
[BlackTeam "MSA Zugzwang"]
[WhiteTeamCountry "GER"]
[BlackTeamCountry "GER"]

1. Nf3 g6 2. d4 Nf6 3. g3 c5 4. Bg2 d5 5. 0-0 Bg7 6. c4 cxd4 7. Nxd4 0-0 8. Nb3 dxc4 9. Qxd8 Rxd8 10. Na5 Nc6 11. Nxc4 Be6 12. Nba3 Rac8 13. Be3 1/2-1/2

[Event "Oberliga Bayern 1112"]
[Site "Bayern"]
[Date "2012.03.18"]
[Round "8.6"]
[White "Wachinger, Guenther"]
[Black "Drexel, Michael"]
[Result "0-1"]
[WhiteElo "2189"]
[BlackElo "2224"]
[PlyCount "74"]
[EventDate "2011.10.02"]
[EventType "team-tourn"]
[EventRounds "9"]
[EventCountry "GER"]
[SourceTitle "EXT 2015"]
[Source "ChessBase"]
[SourceDate "2014.11.20"]
[SourceVersion "1"]
[SourceVersionDate "2014.11.20"]
[SourceQuality "1"]
[WhiteTeam "Pang/Rosenheim"]
[BlackTeam "Bayern Muenchen II"]
[WhiteTeamCountry "GER"]
[BlackTeamCountry "GER"]

1. d4 c6 2. c4 Nf6 3. Nc3 d6 4. Bg5 Nbd7 5. Nf3 h6 6. Bh4 g5 7. Bg3 Nh5 8. e3 Bg7 9. Qc2 Nxg3 10. hxg3 e6 11. 0-0-0 a6 12. d5 exd5 13. cxd5 c5 14. Nd2 Ne5 15. f4 Ng4 16. Nf3 Qf6 17. Re1 Bd7 18. fxg5 hxg5 19. Rxh8+ Bxh8 20. Ne4 Qe7 21. Nexg5 0-0-0 22. Bd3 Rg8 23. Ne4 Kb8 24. Nfd2 Ne5 25. Bf1 f5 26. Nc3 Rxg3 27. Qb3 Ka7 28. Ne2 Rg4 29. Nf4 Rxf4 30. exf4 Nd3+ 31. Bxd3 Qxe1+ 32. Kc2 Qf2 33. Bf1 Qxf4 34. Qf3 Qd4 35. b3 Qb2+ 36. Kd1 Qa1+ 37. Ke2 Qxa2 0-1

[Event "Regionalliga SW 1112"]
[Site "Bayern"]
[Date "2011.10.23"]
[Round "2.1"]
[White "Drexel, Michael"]
[Black "Moufang, Rainer"]
[Result "1/2-1/2"]
[WhiteElo "2224"]
[BlackElo "2302"]
[PlyCount "40"]
[EventDate "2011.10.02"]
[EventType "team-tourn"]
[EventRounds "9"]
[EventCountry "GER"]
[SourceTitle "EXT 2013"]
[Source "ChessBase"]
[SourceDate "2012.11.22"]
[SourceVersion "1"]
[SourceVersionDate "2012.11.22"]
[SourceQuality "1"]
[WhiteTeam "Bayern Muenchen III"]
[BlackTeam "Haar"]
[WhiteTeamCountry "GER"]
[BlackTeamCountry "GER"]

1. Nf3 g6 2. c4 Nf6 3. Nc3 d5 4. cxd5 Nxd5 5. e4 Nxc3 6. dxc3 Qxd1+ 7. Kxd1 Nd7 8. Bf4 c6 9. Kc2 f6 10. Nd2 e5 11. Be3 Bc5 12. Re1 Ke7 13. h4 Bxe3 14. Rxe3 Nc5 15. h5 Be6 16. Bc4 Bd7 17. Be2 b5 18. g3 a5 19. f4 Be6 20. fxe5 fxe5 1/2-1/2

[Event "BL2-Ost 1011"]
[Site "Germany"]
[Date "2011.04.10"]
[Round "9.5"]
[White "Gauglitz, Gernot"]
[Black "Drexel, Michael"]
[Result "1-0"]
[WhiteElo "2392"]
[BlackElo "2309"]
[PlyCount "116"]
[EventDate "2010.10.10"]
[EventType "team-tourn"]
[EventRounds "9"]
[EventCountry "GER"]
[SourceTitle "EXT 2012"]
[Source "ChessBase"]
[SourceDate "2011.11.24"]
[SourceVersion "1"]
[SourceVersionDate "2011.11.24"]
[SourceQuality "1"]
[WhiteTeam "Dresden TU"]
[BlackTeam "Bayern Muenchen II"]
[WhiteTeamCountry "GER"]
[BlackTeamCountry "GER"]

1. d4 Nf6 2. Nf3 c6 3. g3 d5 4. Bg2 Bf5 5. 0-0 Nbd7 6. Nh4 Be6 7. Nc3 g6 8. f4 Bf5 9. h3 h5 10. e3 e6 11. b3 c5 12. Bb2 cxd4 13. Qxd4 Bc5 14. Qd2 0-0 15. Nxf5 gxf5 16. Rad1 Qe7 17. Qe2 Kh7 18. Bf3 Rg8 19. Kh2 Kh6 20. Bxd5 exd5 21. Nxd5 Qe6 22. Nc7 Qe4 23. Nxa8 h4 24. Rf3 hxg3+ 25. Kg1 Rxa8 26. Rxg3 Qxf4 27. Qf3 Qxf3 28. Rxf3 f4 29. Bd4 Bxd4 30. exd4 Kg5 31. Rdf1 Nh5 32. Re1 Rd8 33. Kf2 Kf5 34. Re7 Nhf6 35. c4 Ne4+ 36. Ke2 Ndf6 37. Re5+ Kg6 38. Rxf4 Ng5 39. h4 Ne6 40. h5+ Kg7 41. Rh4 Re8 42. Kd3 Rd8 43. b4 Nd7 44. Rd5 Nc7 45. h6+ Kh7 46. Rf5 f6 47. Rfh5 b5 48. cxb5 Nb6 49. Rg4 Rd7 50. Ke4 Re7+ 51. Kf5 Nbd5 52. Rg7+ Rxg7 53. hxg7+ Kxg7 54. Ke4 Nxb4 55. a3 Na2 56. Kd3 Kg6 57. Rc5 Ne6 58. Rc2 Nb4+ 1-0

[Event "Landesliga Sued 1011"]
[Site "Bayern"]
[Date "2011.02.06"]
[Round "6.1"]
[White "Drexel, Michael"]
[Black "Wolfsteiner, Helmut"]
[Result "0-1"]
[WhiteElo "2279"]
[BlackElo "2316"]
[PlyCount "106"]
[EventDate "2010.10.10"]
[EventType "team-tourn"]
[EventRounds "9"]
[EventCountry "GER"]
[SourceTitle "EXT 2012"]
[Source "ChessBase"]
[SourceDate "2011.11.24"]
[SourceVersion "1"]
[SourceVersionDate "2011.11.24"]
[SourceQuality "1"]
[WhiteTeam "Bayern Muenchen III"]
[BlackTeam "Kriegshaber"]
[WhiteTeamCountry "GER"]
[BlackTeamCountry "GER"]

1. e4 c5 2. Nf3 e6 3. g3 Nc6 4. Bg2 Nf6 5. Qe2 d5 6. exd5 Nxd5 7. 0-0 Be7 8. Rd1 Bf6 9. c3 0-0 10. d4 cxd4 11. cxd4 b6 12. Ne5 Bb7 13. Nc3 Rc8 14. Nxd5 exd5 15. Bh3 Rc7 16. Nxc6 Rxc6 17. Be3 Re8 18. Qb5 Rc4 19. Bf1 a6 20. Qb3 b5 21. Rd2 Qd7 22. Qd1 Rc6 23. Rc2 Rec8 24. Rac1 g6 25. Rxc6 Rxc6 26. Rxc6 Qxc6 27. Bd3 Kg7 28. Qd2 h5 29. Bh6+ Kg8 30. Qf4 Bc8 31. Bg5 Bg7 32. Bh6 Bh8 33. Qe3 Bh3 34. Bf4 Bf6 35. f3 Qc8 36. Be5 Bxe5 37. dxe5 d4 38. Qg5 Qe6 39. Qd8+ Kh7 40. Qxd4 Qxa2 41. g4 hxg4 42. fxg4 Qe6 43. g5 Qc8 44. Kf2 Be6 45. Qe3 Kg7 46. Kg3 Qd8 47. Be2 Qd5 48. Bf3 Qa2 49. h4 Qxb2 50. h5 gxh5 51. Qf4 Qb1 52. Qf6+ Kh7 53. Kh4 Qf5 0-1

[Event "Oberliga Bayern 0809"]
[Site "Bayern"]
[Date "2009.02.01"]
[Round "6.2"]
[White "Cernousek, Lukas"]
[Black "Drexel, Michael"]
[Result "0-1"]
[WhiteElo "2394"]
[BlackElo "2253"]
[PlyCount "140"]
[EventDate "2008.10.05"]
[EventType "team-tourn"]
[EventRounds "9"]
[EventCountry "GER"]
[SourceTitle "EXT 2020"]
[Source "ChessBase"]
[SourceDate "2019.10.17"]
[SourceVersion "1"]
[SourceVersionDate "2019.10.17"]
[SourceQuality "1"]
[WhiteTeam "Bamberg SC"]
[BlackTeam "Bayern Muenchen II"]
[WhiteTeamCountry "GER"]
[BlackTeamCountry "GER"]

1. e4 c6 2. c4 d5 3. cxd5 cxd5 4. exd5 Nf6 5. Qa4+ Nbd7 6. Nc3 g6 7. Nf3 Bg7 8. Bc4 0-0 9. d3 a6 10. Qa3 Nb6 11. Qb3 Nxc4 12. dxc4 b5 13. 0-0 bxc4 14. Qxc4 e6 15. dxe6 Bxe6 16. Qh4 Nd5 17. Bg5 Qb6 18. Bh6 Qxb2 19. Bxg7 Kxg7 20. Qd4+ f6 21. Ne4 Qxd4 22. Nxd4 Bg8 23. Rab1 Rfb8 24. Nc6 Rxb1 25. Rxb1 Rc8 26. Na5 f5 27. Nd6 Rc2 28. a3 Nf4 29. Rb7+ Kh6 30. h3 Bd5 31. Rb4 Nxg2 32. Rd4 Ba8 33. Nab7 Ne1 34. Rh4+ Kg7 35. Ra4 Rc6 36. Kf1 Nc2 37. Ke2 Rb6 38. Kd2 Nxa3 39. Rxa3 Bxb7 40. Nxb7 Rxb7 41. Rxa6 Rb3 42. h4 Rh3 43. Ra4 Kh6 44. Ke2 Kh5 45. Ra7 h6 46. Kf1 Rxh4 47. Kg2 Rb4 48. Ra6 Kg4 49. Rc6 h5 50. Ra6 h4 51. Rc6 Kh5 52. Rf6 Rf4 53. Ra6 g5 54. Rb6 Kg4 55. Rb2 h3+ 56. Kg1 Ra4 57. Rb5 Ra1+ 58. Kh2 Ra2 59. Rb4+ f4 60. Kg1 h2+ 61. Kh1 Rxf2 62. Ra4 Rf1+ 63. Kxh2 Rf2+ 64. Kg1 Rb2 65. Ra5 Kh4 66. Rf5 Kg4 67. Ra5 f3 68. Rc5 Kh4 69. Ra5 g4 70. Ra1 g3 0-1

[Event "Oberliga Bayern 0708"]
[Site "Bayern"]
[Date "2008.04.20"]
[Round "9.1"]
[White "Bernasek, Jan"]
[Black "Drexel, Michael"]
[Result "1-0"]
[WhiteElo "2522"]
[BlackElo "2252"]
[PlyCount "109"]
[EventDate "2007.10.21"]
[EventType "team-tourn"]
[EventRounds "9"]
[EventCountry "GER"]
[SourceTitle "EXT 2009"]
[Source "ChessBase"]
[SourceDate "2008.11.26"]
[SourceVersion "1"]
[SourceVersionDate "2008.11.26"]
[SourceQuality "1"]
[WhiteTeam "Bamberg"]
[BlackTeam "Bayern Muenchen II"]
[WhiteTeamCountry "GER"]
[BlackTeamCountry "GER"]

1. d4 Nf6 2. c4 e6 3. Nc3 Bb4 4. e3 0-0 5. Nf3 Re8 6. Qb3 Nc6 7. a3 Bf8 8. Bd2 d6 9. Be2 g6 10. h3 Bg7 11. g4 Nd7 12. Qc2 Nb6 13. 0-0-0 d5 14. c5 Nd7 15. h4 b6 16. cxb6 axb6 17. h5 Na5 18. hxg6 hxg6 19. e4 dxe4 20. Nxe4 Bb7 21. Bh6 Bxe4 22. Qxe4 Nf6 23. Qe5 Nc6 24. Qf4 Nd5 25. Qd2 Bxh6 26. Qxh6 Qf6 27. Bb5 Nde7 28. Ne5 Nxe5 29. dxe5 Qxe5 30. Bxe8 Rxe8 31. Rd7 c6 32. Rb7 b5 33. Qh7+ Kf8 34. Qh8+ Qxh8 35. Rxh8+ Ng8 36. Rh7 Ne7 37. Rh8+ Ng8 38. Rc7 Kg7 39. Rh3 Ne7 40. Rd3 Kf6 41. Rdd7 e5 42. g5+ Ke6 43. Rb7 f6 44. gxf6 Kxf6 45. Rd6+ Kf5 46. f3 g5 47. b3 e4 48. fxe4+ Ke5 49. Rh6 g4 50. Kd2 Kf4 51. Re6 Rd8+ 52. Ke2 Nc8 53. Rf7+ Kg3 54. Rg6 Re8 55. Rf3+ 1-0

[Event "Oberliga Bayern 0708"]
[Site "Bayern"]
[Date "2008.02.17"]
[Round "6.1"]
[White "Drexel, Michael"]
[Black "Jansa, Vlastimil"]
[Result "0-1"]
[WhiteElo "2264"]
[BlackElo "2471"]
[PlyCount "130"]
[EventDate "2007.10.21"]
[EventType "team-tourn"]
[EventRounds "9"]
[EventCountry "GER"]
[SourceTitle "EXT 2009"]
[Source "ChessBase"]
[SourceDate "2008.11.26"]
[SourceVersion "1"]
[SourceVersionDate "2008.11.26"]
[SourceQuality "1"]
[WhiteTeam "Bayern Muenchen II"]
[BlackTeam "Forchheim"]
[WhiteTeamCountry "GER"]
[BlackTeamCountry "GER"]

1. Nf3 g6 2. e4 Bg7 3. d4 d6 4. Be2 Nf6 5. Nc3 0-0 6. 0-0 Bg4 7. Be3 Nc6 8. d5 Bxf3 9. Bxf3 Ne5 10. Be2 c6 11. f4 Ned7 12. Bd4 Qa5 13. Bf3 c5 14. Bf2 Ne8 15. Bh4 Bd4+ 16. Kh1 Nef6 17. Be1 Qb6 18. Rb1 e6 19. Ne2 exd5 20. exd5 Be3 21. Bc3 Rfe8 22. Qd3 Re7 23. b3 Rae8 24. Bb2 Qa5 25. Bc3 Qd8 26. Ba1 Ne4 27. Bxe4 Rxe4 28. Rf3 Qh4 29. Rbf1 a6 30. Ng3 Bxf4 31. h3 Bxg3 32. Rxg3 Ne5 33. Bxe5 R8xe5 34. c4 Re1 35. Rgf3 f5 36. Kh2 Rxf1 37. Rxf1 Kg7 38. Qc3 Qe4 39. Qa5 Re7 40. Qb6 Qe5+ 41. Kh1 h5 42. b4 cxb4 43. Qxb4 g5 44. Qd2 Kg6 45. h4 gxh4 46. Qf2 Qe4 47. c5 Qxd5 48. Qxh4 Qe5 49. cxd6 Qxd6 50. Qc4 Qe6 51. Qd4 Qf6 52. Qd5 Qe6 53. Qf3 Qe5 54. Qb3 Kg7 55. Rf3 Kh6 56. Qb6+ Kh7 57. Qf2 Rd7 58. Qc2 Qe4 59. Qc5 Qe1+ 60. Kh2 Qh4+ 61. Rh3 Qf4+ 62. g3 Rd2+ 63. Kg1 Rd1+ 64. Kg2 Qe4+ 65. Kf2 Rd2+ 0-1

[Event "Oberliga Bayern 0708"]
[Site "Bayern"]
[Date "2008.01.20"]
[Round "5.1"]
[White "Kraft, Volker"]
[Black "Drexel, Michael"]
[Result "1-0"]
[WhiteElo "2395"]
[BlackElo "2264"]
[PlyCount "107"]
[EventDate "2007.10.21"]
[EventType "team-tourn"]
[EventRounds "9"]
[EventCountry "GER"]
[SourceTitle "EXT 2009"]
[Source "ChessBase"]
[SourceDate "2008.11.26"]
[SourceVersion "1"]
[SourceVersionDate "2008.11.26"]
[SourceQuality "1"]
[WhiteTeam "Zirndorf"]
[BlackTeam "Bayern Muenchen II"]
[WhiteTeamCountry "GER"]
[BlackTeamCountry "GER"]

1. e4 c5 2. c3 Nf6 3. e5 Nd5 4. d4 cxd4 5. Nf3 Nc6 6. Bc4 Nb6 7. Bb3 d5 8. exd6 Qxd6 9. 0-0 Be6 10. Bxe6 Qxe6 11. Nxd4 Qd7 12. Nxc6 Qxc6 13. b3 h5 14. Qe2 h4 15. h3 Rd8 16. c4 Rd6 17. Nc3 Rg6 18. Qe4 Qxe4 19. Nxe4 Rc6 20. Be3 e6 21. Rad1 Be7 22. Rd3 Rh5 23. Rfd1 Ra5 24. a4 Re5 25. Nd6+ Bxd6 26. Rxd6 Rxd6 27. Rxd6 Nc8 28. Rd3 Ne7 29. Bxa7 Re1+ 30. Kh2 Nc6 31. Bb6 Rb1 32. g3 Ne5 33. Rc3 hxg3+ 34. Kxg3 Nc6 35. Kf3 Nb4 36. Bd4 f6 37. Kg2 Nc6 38. Bc5 Kf7 39. h4 Ke8 40. h5 Kf7 41. Rd3 Ke8 42. Bb6 Ke7 43. a5 Rb2 44. Rh3 Kf7 45. Kf1 Ra2 46. Rd3 Ke8 47. b4 Ra4 48. b5 Nxa5 49. Rd8+ Ke7 50. Bxa5 Rxa5 51. Rb8 Kd6 52. Rxb7 Ra4 53. Rxg7 Ra1+ 54. Kg2 1-0

[Event "Oberliga Bayern 0708"]
[Site "Bayern"]
[Date "2007.11.25"]
[Round "3.2"]
[White "Drexel, Michael"]
[Black "Schmidt, Georg"]
[Result "1-0"]
[WhiteElo "2298"]
[BlackElo "2409"]
[PlyCount "97"]
[EventDate "2007.10.21"]
[EventType "team-tourn"]
[EventRounds "9"]
[EventCountry "GER"]
[SourceTitle "EXT 2009"]
[Source "ChessBase"]
[SourceDate "2008.11.26"]
[SourceVersion "1"]
[SourceVersionDate "2008.11.26"]
[SourceQuality "1"]
[WhiteTeam "Bayern Muenchen II"]
[BlackTeam "Muenchen Tarrasch"]
[WhiteTeamCountry "GER"]
[BlackTeamCountry "GER"]

1. d4 Nf6 2. c4 c5 3. Nf3 cxd4 4. Nxd4 b6 5. Nc3 Bb7 6. Bg5 Ne4 7. Nxe4 Bxe4 8. e3 g6 9. Nb5 f6 10. Qd4 Bf5 11. Nd6+ exd6 12. Bxf6 Nc6 13. Qc3 d5 14. Bxd8 Bb4 15. Bf6 Rf8 16. a3 Bxc3+ 17. Bxc3 Be6 18. cxd5 Bxd5 19. f3 0-0-0 20. Ba6+ Kc7 21. Rc1 Rb8 22. Bb5 Kb7 23. Bd3 Rbe8 24. Kf2 Ne5 25. Bxe5 Rxe5 26. h4 Rf7 27. Rc3 Bc6 28. Bc4 Rf8 29. Rd1 a5 30. Rd4 b5 31. Be2 Kb6 32. f4 Rc5 33. Rxc5 Kxc5 34. b4+ axb4 35. axb4+ Kb6 36. h5 Kc7 37. hxg6 hxg6 38. g4 g5 39. Bf3 Re8 40. Bxc6 Kxc6 41. Kf3 d6 42. fxg5 Kd7 43. Rd5 Rb8 44. e4 Ke6 45. Kf4 Rc8 46. g6 Rc4 47. Rxb5 Kf6 48. Rg5 Kg7 49. b5 1-0

[Event "Oberliga Bayern 0708"]
[Site "Bayern"]
[Date "2007.11.04"]
[Round "2.2"]
[White "Taggatz, Mario"]
[Black "Drexel, Michael"]
[Result "1/2-1/2"]
[WhiteElo "2287"]
[BlackElo "2298"]
[PlyCount "98"]
[EventDate "2007.10.21"]
[EventType "team-tourn"]
[EventRounds "9"]
[EventCountry "GER"]
[SourceTitle "EXT 2009"]
[Source "ChessBase"]
[SourceDate "2008.11.26"]
[SourceVersion "1"]
[SourceVersionDate "2008.11.26"]
[SourceQuality "1"]
[WhiteTeam "Groebenzell"]
[BlackTeam "Bayern Muenchen II"]
[WhiteTeamCountry "GER"]
[BlackTeamCountry "GER"]

1. Nf3 d5 2. c4 dxc4 3. e3 Be6 4. Na3 Nf6 5. Nxc4 Bd5 6. b3 e6 7. Bb2 Be7 8. Be2 0-0 9. 0-0 c5 10. Rc1 Nbd7 11. Rc2 b5 12. Nce5 Qb6 13. Nxd7 Nxd7 14. Qa1 f6 15. d4 Qb7 16. dxc5 Bxc5 17. Rfc1 Rfc8 18. Bd4 Bxd4 19. Qxd4 a6 20. Qg4 Rxc2 21. Rxc2 Nf8 22. Qd4 Rc8 23. Rc5 Rc6 24. Qc3 Rxc5 25. Qxc5 e5 26. Ne1 Nd7 27. Qe7 Nf8 28. Qxb7 Bxb7 29. Nd3 Nd7 30. Bg4 Be4 31. Bxd7 Bxd3 32. b4 Kf7 33. Bc8 Ke7 34. Bxa6 Kd6 35. a4 Kc7 36. a5 g5 37. f3 h5 38. h4 Kb8 39. Kf2 gxh4 40. Kg1 h3 41. gxh3 h4 42. Kf2 f5 43. f4 e4 44. Ke1 Kc7 45. Kd2 Bf1 46. Ke1 Bd3 47. Kd1 Kb8 48. Kd2 Bf1 49. Ke1 Bd3 1/2-1/2

[Event "Landesliga Sued 0506"]
[Site "Bayern"]
[Date "2005.12.11"]
[Round "4.2"]
[White "Geberl, Hans Walter"]
[Black "Drexel, Michael"]
[Result "0-1"]
[WhiteElo "2234"]
[BlackElo "2239"]
[PlyCount "66"]
[EventDate "2005.10.23"]
[EventType "team-tourn"]
[EventRounds "9"]
[EventCountry "GER"]
[SourceTitle "EXT 2007"]
[Source "ChessBase"]
[SourceDate "2006.11.23"]
[SourceVersion "1"]
[SourceVersionDate "2006.11.23"]
[SourceQuality "1"]
[WhiteTeam "Ingolstadt"]
[BlackTeam "Bayern Muenchen II"]
[WhiteTeamCountry "GER"]
[BlackTeamCountry "GER"]

1. Nf3 c5 2. c4 g6 3. d4 Bg7 4. e4 Qa5+ 5. Nc3 d6 6. Be3 Bg4 7. Qd2 Bxf3 8. gxf3 Nc6 9. dxc5 dxc5 10. 0-0-0 Nd4 11. f4 Rd8 12. Kb1 e6 13. e5 Ne7 14. Nb5 Qb6 15. Bxd4 cxd4 16. Qb4 Nc6 17. Qa3 Bf8 18. Nd6+ Bxd6 19. exd6 Nb4 20. Rc1 Qc5 21. Qa4+ Nc6 22. Qb5 Qxd6 23. Qxb7 Rb8 24. Qa6 Qc5 25. Bg2 Nb4 26. Qa4+ Ke7 27. Rhd1 a5 28. Ka1 Rhd8 29. a3 Na6 30. Qc2 Rb6 31. Rd2 Rdb8 32. Qe4 Rxb2 33. Rd3 R2b3 0-1